000 00788nam a2200253 a 4500
001 000030503
003 DO-SdBNP
005 20240412074254.0
008 110113s2011 dr a 000 j spa d
020 _a9789993402756
040 _aDO-SdBNP
_bspa
_cBNPHU
082 4 _aRD863.44
_bS787d, 2011
_222
100 1 _aStanley, Avelino,
_d1959-
_91536
245 1 4 _aLos disparos :
_bcuentos /
_cAvelino Stanley.
250 _a6a ed.
260 _aSanto Domingo :
_bCocolo Editorial,
_c2011.
300 _a99 p. :
_bil. ;
_c23 cm.
500 _aIncluye datos biográficos del autor en las contracubierta
590 _aInventariado, 2019/VM
650 0 _aCuentos dominicanos
_9176
650 0 _aLiteratura dominicana.
_967
910 _aValidado. Control de calidad MFF
942 _2ddc
_cLBS1
999 _c29995
_d29995